[Event "Wattens op 13th"]
[Site "Wattens"]
[Date "1998.??.??"]
[Round "5"]
[White "Wolfram, Bernd"]
[Black "Lawitsch, Guenther"]
[Result "0-1"]
[WhiteElo "1840"]
[BlackElo "2275"]

1.c4 e6 2.g3 d5 3.Bg2 Nf6 4.Nf3 Be7 5.d4 O-O 6.O-O dxc4 7.Nbd2 Nc6 8.Nxc4 Rb8
9.Re1 b5 10.Nce5 Bb7 11.Nxc6 Bxc6 12.Bf4 Bb4 13.Bd2 Bxd2 14.Qxd2 Bxf3 15.Bxf3 c5
16.Red1 c4 17.Qc2 Rc8 18.e4 Qe7 19.a3 a5 20.Qd2 Qa7 21.e5 Nd5 22.Bxd5 exd5
23.Qg5 Qb6 24.h4 b4 25.h5 h6 26.Qe3 c3 27.bxc3 Rxc3 28.Rd3 Rxd3 29.Qxd3 b3
30.a4 b2 31.Rb1 Rb8 32.Qc3 Kf8 33.Kf1 Ke8 34.Qc5 Qxc5 35.dxc5 Kd7 36.Ke2 Kc6
37.Kd3 Kxc5 38.Kc2 Kd4 39.f4 Ke3 40.Rxb2 Rc8+ 41.Kd1 d4 42.Rb7 d3 43.Rd7 Rb8
44.Kc1 Rb4 45.f5 Rc4+ 46.Kb2 Rc6 47.Rxf7 d2 48.Rd7 Ke2 49.g4 d1=Q 50.Rxd1 Kxd1
51.e6 Rc5 52.Kb3 Kd2 53.e7 Rc3+ 54.Kb2 Re3 55.g5 hxg5 56.h6 Rxe7 57.h7 Rb7+
58.Ka2 Rb8  0-1

[Event "Wil"]
[Site "Wil"]
[Date "1998.??.??"]
[Round "?"]
[White "Leutwyler, Martin"]
[Black "Eberle, Marcel"]
[Result "1-0"]
[WhiteElo "2130"]
[BlackElo "1830"]

1.d4 Nf6 2.Nf3 d5 3.c4 e6 4.g3 Be7 5.Bg2 O-O 6.O-O dxc4 7.Qc2 c5 8.dxc5 Bxc5
9.Nbd2 Nbd7 10.Nxc4 Qe7 11.Bf4 Nd5 12.Rac1 Nxf4 13.gxf4 Rb8 14.a3 Nf6 15.b4 Bd6
16.Nxd6 Qxd6 17.Ne5 Bd7 18.Rfd1 Qe7 19.Nxd7 Nxd7 20.Qc7 Rfd8 21.Bxb7 Qe8
22.Bc6 Rbc8 23.Qxa7 f6 24.Bxd7 Rxc1 25.Rxc1 Rxd7 26.Qa6 Rd8 27.Kf1 h6 28.b5 Ra8
29.Qc6 Qxc6 30.bxc6 Kf7 31.Kg2 Ke7 32.c7 Kd7 33.c8=Q+ Rxc8 34.Rxc8 Kxc8 35.Kf3 Kc7
36.Ke4 g6 37.Kd4 Kb6 38.Kc4 g5 39.fxg5 hxg5 40.h3 f5 41.Kd4  1-0

[Event "POL-chT2"]
[Site "Wisla"]
[Date "1998.??.??"]
[Round "?"]
[White "Zaskalski, Arkadiusz"]
[Black "Jusiak, Grzegorz"]
[Result "1/2-1/2"]
[WhiteElo "2210"]
[BlackElo "2220"]

1.c4 e6 2.Nf3 Nf6 3.g3 d5 4.Bg2 Be7 5.d4 dxc4 6.Nc3 a6 7.Ne5 c5 8.dxc5 Qxd1+
9.Nxd1 Bxc5 10.O-O Nd5 11.Nxc4 Nc6 12.Nde3 Nxe3 13.Bxe3 Bxe3 14.Nxe3 Bd7
15.Nc4 Ke7 16.Rfd1 Rhd8 17.Nb6 Rab8 18.Nxd7 Rxd7 19.Rxd7+ Kxd7 20.f4 f6 21.Kf2 Kc7
22.Rd1 Rd8 23.Rxd8 Nxd8 24.Be4 h6 25.Kf3 Kd6 26.Bd3 a5 27.Kg4 Nc6 28.e3 Ne7
29.Kf3 b6 30.Ke4 Nc6 31.Bc4 Ne7 32.Bb5 Nd5 33.a3 Ne7 34.Bc4 Nc6 35.Bb5 Ne7
36.h3 Kc5 37.Bd7 Kd6 38.Bb5 Kc5 39.Bd7 Kd6 40.Ba4 Nf5 41.g4 Ne7 42.f5 exf5+
43.gxf5 Kc5 44.Bd7 Kd6 45.Be8 Kc5 46.Bd7 Nd5 47.Be6 Nc7 48.Bf7 Nb5 49.Be6 Nc7
50.Bf7 Na6 51.Be6 a4 52.Bf7 Nc7 53.Bg8 Nb5 54.Be6 Nd6+ 55.Kd3 Nb7  1/2-1/2

[Event "S&W Masters 8th op"]
[Site "Witley"]
[Date "1998.??.??"]
[Round "2"]
[White "Bates, Richard"]
[Black "Bisby, Daniel L"]
[Result "1/2-1/2"]
[WhiteElo "2430"]
[BlackElo "2190"]

1.d4 d5 2.Nf3 Nf6 3.g3 e6 4.c4 Be7 5.Bg2 O-O 6.O-O c6 7.Qc2 b6 8.Nbd2 Bb7
9.b3 Nbd7 10.Bb2 Rc8 11.e4 dxe4 12.Nxe4 c5 13.Nxf6+ Nxf6 14.Rad1 cxd4 15.Bxd4 Bxf3
16.Bxf3 Qc7 17.Qb2 Rfd8 18.Be5 Qc5 19.Bb7 Rxd1 20.Rxd1 Rd8 21.Rxd8+ Bxd8
22.Qd4 Be7 23.Qxc5 Bxc5 24.h3 Ne8 25.Ba6 Nd6 26.Kg2 f6 27.Bb2 Ne8 28.f4 Nc7
29.Bb7 Kf7 30.Kf3 a5 31.g4 Ne8 32.Bc6 Nd6 33.Ke2 h6 34.Kd3 g5 35.Bc1  1/2-1/2

[Event "EUCup final (Women)"]
[Site "Wuppertal"]
[Date "1998.??.??"]
[Round "3"]
[White "Kiseleva, Natalia"]
[Black "Vacovska, Veronika"]
[Result "1/2-1/2"]
[WhiteElo "2320"]
[BlackElo "2060"]

1.d4 d5 2.c4 e6 3.Nf3 Nf6 4.g3 Be7 5.Bg2 O-O 6.O-O Nbd7 7.Qc2 c5 8.cxd5 Nxd5
9.dxc5 Nxc5 10.Ng5 Bxg5 11.Bxg5 Qxg5 12.Qxc5 b6 13.Qa3 Bb7 14.e4 Nf6 15.Nc3 Rfc8
16.Rad1 Qc5 17.Qxc5 Rxc5 18.Rd2 h6 19.Rfd1 Rac8 20.h3 b5 21.Rd8+ Rxd8 22.Rxd8+ Kh7
23.Rb8 Ba6 24.a3 Nd7 25.Ra8 Rc7 26.Bf1 Nb6 27.Rb8 Rc5 28.Rd8 f6 29.f4 Nc4
30.Bxc4 Rxc4 31.Rd6 Bb7 32.Nxb5 Rc1+ 33.Kf2 Rc2+ 34.Ke3 Rxb2 35.Nxa7 Rg2
36.Rb6 Ba8 37.Kf3 Rc2 38.Nb5 f5 39.Rxe6 Bxe4+ 40.Ke3 Rg2 41.g4 Rg3+ 42.Kd4 Rxh3
43.gxf5 Bxf5 44.Re3 Rxe3  1/2-1/2

[Event "EUCup final (Women)"]
[Site "Wuppertal"]
[Date "1998.??.??"]
[Round "5"]
[White "Kachiani Gersinska, Ketino"]
[Black "Zhukova, Natalia"]
[Result "1/2-1/2"]
[WhiteElo "2435"]
[BlackElo "2395"]

1.d4 d5 2.c4 e6 3.Nf3 Nf6 4.g3 Be7 5.Bg2 O-O 6.O-O dxc4 7.Qc2 a6 8.a4 Bd7
9.Qxc4 Bc6 10.Bg5 Bd5 11.Qd3 Be4 12.Qe3 Bxf3 13.Bxf3 c6 14.Qb3 Qc8 15.Nc3 h6
16.Bxf6 Bxf6 17.Rfd1 Rd8 18.Ne4 Be7 19.a5 Nd7 20.Nd2 Qc7 21.Nc4 Rab8 22.Bg2 Bf6
23.e3 Nf8 24.Rac1 Ng6 25.Qa4 Ne7 26.Nd2 g6 27.Nb3 Bg7 28.Rd2 Kh7 29.h4 h5
30.Nc5 e5 31.Ne4 exd4 32.Ng5+ Kg8 33.exd4 Nd5 34.Re2 Qd6 35.Qc4 Qf6 36.Re5 Qd6
37.Re2 Qf6 38.Re4 Rf8 39.Rce1 Qd8 40.Qc5 Rc8 41.Bh3 Rc7 42.Nf3 Bf6 43.Qc1 Kg7  1/2-1/2

[Event "Zadar op"]
[Site "Zadar"]
[Date "1998.??.??"]
[Round "7"]
[White "Bilobrk, Franjo"]
[Black "Petrovic, Silvije"]
[Result "1-0"]
[WhiteElo "2365"]
[BlackElo "2175"]

1.d4 Nf6 2.Nf3 d5 3.c4 e6 4.g3 Be7 5.Bg2 O-O 6.O-O c6 7.b3 b6 8.Bb2 a5 9.a3 Ba6
10.Ne5 Nfd7 11.Nxd7 Nxd7 12.Nd2 Nf6 13.e4 Rc8 14.Re1 Bb7 15.Qe2 Rc7 16.Rac1 c5
17.cxd5 exd5 18.dxc5 Nxe4 19.Nxe4 dxe4 20.Red1 Rd7 21.Qg4  1-0

[Event "Trinec op"]
[Site "Trinec"]
[Date "1999.01.01"]
[Round "7"]
[White "Splosnov, Sergei"]
[Black "Berzinsh, Roland"]
[Result "1-0"]
[WhiteElo "2350"]
[BlackElo "2445"]

1.Nf3 Nf6 2.c4 e6 3.g3 d5 4.d4 Be7 5.Bg2 O-O 6.O-O dxc4 7.Qc2 a6 8.Qxc4 b5
9.Qc2 Bb7 10.Bf4 Nc6 11.Rd1 Nb4 12.Qc1 Qc8 13.Bg5 c5 14.Bxf6 Bxf6 15.dxc5 a5
16.Na3 Bc6 17.Nc2 Ra7 18.Ncd4 Rc7 19.a3 Na6 20.Qe3 Bxf3 21.Bxf3 Rxc5 22.Nb3 Rc2
23.Nxa5 Qc7 24.Nb7 Bxb2 25.Rab1 Rc8 26.Qb3 Be5 27.Qxb5 Nc5 28.Na5 h6 29.Nc6 Rc3
30.Rbc1  1-0

[Event "Bad Zwesten op"]
[Site "Bad Zwesten"]
[Date "1999.01.03"]
[Round "2"]
[White "Wegerle, Joerg"]
[Black "Ftacnik, Lubomir"]
[Result "0-1"]
[WhiteElo "2136"]
[BlackElo "2585"]

1.c4 Nf6 2.g3 e6 3.Bg2 d5 4.Nf3 Be7 5.d4 O-O 6.O-O c6 7.Qc2 Nbd7 8.Nbd2 b5
9.c5 a5 10.b3 Re8 11.Bb2 g6 12.Ne1 Bf8 13.Nd3 Qc7 14.e3 Ba6 15.f4 Ng4 16.Rae1 f5
17.h3 Ngf6 18.Ra1 b4 19.Rfe1 Ne4 20.Nxe4 fxe4 21.Nf2 g5 22.Qd1 gxf4 23.gxf4 Bg7
24.Ng4 Nxc5 25.Nh6+ Kh8 26.Qh5 Nd3  0-1

[Event "Trinec op"]
[Site "Trinec"]
[Date "1999.01.03"]
[Round "9"]
[White "Splosnov, Sergei"]
[Black "Michenka, Jozef"]
[Result "1/2-1/2"]
[WhiteElo "2350"]
[BlackElo "2315"]

1.Nf3 Nf6 2.c4 e6 3.g3 d5 4.d4 Be7 5.Bg2 O-O 6.O-O dxc4 7.Qc2 a6 8.Qxc4 b5
9.Qc2 Bb7 10.Bf4 Nd5 11.Nc3 Nxf4 12.gxf4 Nc6 13.Rfd1 Nb4 14.Qc1 Nd5 15.Ne5 Nxc3
16.Qxc3 Bxg2 17.Kxg2 Qd5+ 18.Qf3 f6 19.Qxd5 exd5 20.Nd3 Bd6 21.e3 Kf7 22.h4 g6
23.Rh1 b4 24.Kf3 a5 25.Rag1 Rg8 26.Ke2 a4 27.Rc1 Ra6 28.Rc2 Rb8 29.Rhc1 b3
30.axb3 Rxb3 31.Rc3 Rxc3 32.Rxc3 a3 33.bxa3 Rxa3 34.Rc1 Ke6 35.Rb1 Ra2+ 36.Kf3 Ra3
37.Ke2 Ra2+  1/2-1/2

[Event "Rilton Cup 9899"]
[Site "Stockholm"]
[Date "1999.01.05"]
[Round "8"]
[White "Bator, Robert"]
[Black "Lindberg, Bengt"]
[Result "1-0"]
[WhiteElo "2410"]
[BlackElo "2305"]

1.d4 Nf6 2.c4 e6 3.g3 d5 4.Bg2 Be7 5.Nf3 O-O 6.O-O dxc4 7.Qc2 a6 8.a4 Bd7
9.Rd1 Bc6 10.Nc3 Bxf3 11.Bxf3 Nc6 12.Bxc6 bxc6 13.Bg5 Rb8 14.e3 Rb4 15.Rab1 Qb8
16.Bxf6 gxf6 17.Na2 Rb3 18.Rd2 c3 19.Nxc3 Qb4 20.Na2 Qxa4 21.Nc1 Rb4 22.b3 Qa5
23.Qxc6 Rb6 24.Qc2 Bd6 25.d5 Rfb8 26.Rd4 Rb4 27.dxe6 fxe6 28.Ne2 Qc5 29.Qd1 Qh5
30.Rxb4 Rxb4 31.Rc1 Qg4 32.Qc2 Qe4 33.Qa2 Qd3 34.Nd4 Kf7 35.Qa5 Rb6 36.Qh5+ Qg6
37.Qh3 Qe4 38.Rc4 Be5 39.Qh5+ Qg6 40.Qd1 Qe4 41.Nxe6 Qf5 42.Qd7+ Kg6 43.Qg7+  1-0

[Event "Troll Masters"]
[Site "Gausdal"]
[Date "1999.01.10"]
[Round "3"]
[White "Johansson, Per"]
[Black "Johansen, Arild"]
[Result "1/2-1/2"]
[WhiteElo "2115"]
[BlackElo "2120"]

1.d4 d5 2.Nf3 Nf6 3.c4 e6 4.g3 Be7 5.Bg2 O-O 6.O-O c6 7.Qc2 Nbd7 8.Nbd2 b6
9.e4 Bb7 10.e5 Ne8 11.b3 Rc8 12.Bb2 c5  1/2-1/2

[Event "Ubeda op"]
[Site "Ubeda"]
[Date "1999.01.21"]
[Round "2"]
[White "Maherramzade, Javad"]
[Black "Ricardi, Pablo"]
[Result "1/2-1/2"]
[WhiteElo "2440"]
[BlackElo "2545"]

1.d4 Nf6 2.Nf3 e6 3.c4 d5 4.g3 Be7 5.Bg2 c6 6.O-O O-O 7.Qc2 b6 8.Rd1 Na6
9.Nc3 Bb7 10.e4 dxc4 11.e5 Nb4 12.Qb1 Nfd5 13.Ne4 h6 14.Bd2 Ba6 15.Bf1 Rc8
16.a3 Nd3 17.b3 b5 18.Bxd3 cxd3 19.Qxd3 Bb7 20.Nc5 Bxc5 21.dxc5 Qe7 22.Rac1 f5
23.Ba5 Qf7 24.Nd4 f4 25.Rc2 Qh5 26.Re1 Rf7 27.f3 fxg3 28.hxg3 Rcf8 29.Kg2 Rf4
30.Bd2 Rxd4 31.Qxd4 Qxf3+ 32.Kh2 Rf5 33.Re4 Rh5+ 34.Rh4 Qe2+ 35.Kh3 Qf1+
36.Kh2 Qe2+ 37.Kh3 Rxh4+ 38.gxh4 Qf3+ 39.Kh2 Qxb3 40.Rc1 Qf3 41.Rg1 Qh5 42.Rg3 Qe2+
43.Rg2 Qh5  1/2-1/2

[Event "AUT2W-chT 9899"]
[Site "AUT"]
[Date "1999.01.24"]
[Round "6.1"]
[White "Ferrari, Josef"]
[Black "Poettinger, Harald"]
[Result "1/2-1/2"]
[WhiteElo "2125"]
[BlackElo "2270"]

1.d4 e6 2.c4 d5 3.Nf3 Nf6 4.g3 Be7 5.Bg2 O-O 6.O-O dxc4 7.Ne5 Qd6 8.Nxc4 Qa6
9.Qc2 Rd8 10.Ne5 c6 11.Rd1 Nbd7 12.Nd3 Nf8 13.e3 Bd7 14.b4 Qb6 15.Bd2 Ng6
16.a4 Qc7 17.Qb2 Be8 18.Na3 Rac8 19.Rac1 Qb8 20.a5 Nd7 21.Nc4 b6 22.axb6 axb6
23.Rc2 c5 24.bxc5 bxc5 25.Ba5 cxd4 26.Bxd8 Rxd8 27.exd4 Nf6 28.Qxb8 Rxb8
29.Rb2 Rd8 30.Nde5 Nxe5 31.Nxe5 Nd5 32.Ra1 Nc3 33.Bc6 f6  1/2-1/2

[Event "Geneve op"]
[Site "Geneve"]
[Date "1999.01.30"]
[Round "8"]
[White "Dizdar, Goran"]
[Black "Sulskis, Sarunas"]
[Result "1-0"]
[WhiteElo "2563"]
[BlackElo "2568"]

1.d4 Nf6 2.Nf3 d5 3.c4 e6 4.g3 Be7 5.Bg2 O-O 6.O-O dxc4 7.Qc2 a6 8.a4 c5
9.dxc5 Bxc5 10.Ne5 Qe7 11.Nd2 a5 12.Ndxc4 Na6 13.Nd3 Nd5 14.Nxc5 Qxc5 15.Bd2 Ndb4
16.Qc3 Bd7 17.Be3 Qh5 18.Bxb7 Qxe2 19.Nb6 Rad8 20.Rfd1 Nb8 21.Rd2 Qh5 22.Rad1 Nd5
23.Nxd5 exd5 24.Rxd5 Qg4 25.R1d4 Qg6 26.Qd3 Qe6 27.b3 h6 28.Rd6 Qe5 29.Rxd7  1-0

[Event "Nova Gorica op"]
[Site "Nova Gorica"]
[Date "1999.01.30"]
[Round "3"]
[White "Tratar, Marko"]
[Black "Atalik, Suat"]
[Result "1/2-1/2"]
[WhiteElo "2450"]
[BlackElo "2593"]

1.Nf3 Nf6 2.c4 e6 3.g3 d5 4.d4 Be7 5.Bg2 O-O 6.O-O c6 7.Qc2 Nbd7 8.b3 b6
9.Rd1 Ba6 10.a4 Rc8 11.a5 c5 12.axb6 Qxb6 13.Qa2 Bb7 14.Ba3 Rfe8 15.Nbd2 cxd4
16.Bxe7 Rxe7 17.Qxa7 e5 18.Qxb6 Nxb6 19.Ra7 Rcc7 20.c5 Rxc5 21.Nxe5 Nc8 22.Nd3 Rc3
23.Ra4 Rxe2 24.Rxd4 g5 25.Nb4 Ne7 26.Bf1 Re6 27.Rd3 Rc5 28.Nf3 Ne4 29.Nd4 Rb6
30.Nbc2 Ng6 31.f3 Nd6 32.Re3 Rc8 33.Bh3 Rb8 34.Rd2 Ra6 35.Rde2 Ra2 36.Re1 Kg7
37.Bf1 Rc8 38.Nb4 Rb2 39.Nd3 Rd2 40.R1e2 Rd1 41.Re1 Rd2 42.R1e2 Rd1 43.Re1 Rxe1
44.Rxe1 Kf6 45.Kf2 h5 46.Rc1 h4 47.Rxc8 Bxc8 48.Nc5 hxg3+ 49.hxg3 Ne7 50.Bd3 Ke5
51.Ke3 f5 52.f4+ Kf6 53.fxg5+ Kxg5 54.b4 Ne4 55.Bxe4 dxe4 56.Nxe4+ fxe4 57.Kxe4 Bb7+
58.Ke5 Nc6+  1/2-1/2

[Event "Bundesliga 9899"]
[Site "Germany"]
[Date "1999.01.31"]
[Round "9.3"]
[White "Stohl, Igor"]
[Black "King, Daniel J"]
[Result "1/2-1/2"]
[WhiteElo "2561"]
[BlackElo "2506"]

1.d4 Nf6 2.Nf3 e6 3.c4 d5 4.g3 Be7 5.Bg2 O-O 6.O-O dxc4 7.Qc2 a6 8.Qxc4 b5
9.Qc2 Bb7 10.Bg5 Be4 11.Qc1 Nbd7 12.Nbd2 Bd5 13.Bxf6 Bxf6 14.b4 a5 15.a3 e5  1/2-1/2

[Event "Nova Gorica op"]
[Site "Nova Gorica"]
[Date "1999.01.31"]
[Round "4"]
[White "Golubovic, Boris"]
[Black "Stantic, Severino"]
[Result "1-0"]
[WhiteElo "2450"]
[BlackElo "2118"]

1.d4 Nf6 2.c4 e6 3.g3 d5 4.Nf3 Be7 5.Bg2 O-O 6.O-O c6 7.Qc2 Re8 8.Rd1 Nbd7
9.b3 a5 10.Nc3 Bb4 11.Bb2 Bxc3 12.Bxc3 b5 13.Ne5 Qc7 14.Rac1 Bb7 15.h3 Qd6
16.Kh2 Rec8 17.c5 Qe7 18.f4 Nxe5 19.dxe5 Nd7 20.Bd4 f6 21.exf6 gxf6 22.Rf1 e5
23.fxe5 fxe5 24.Be3 Rf8 25.Bh6 Rxf1 26.Rxf1 Kh8 27.h4 Nf6 28.Qf5 Ng8 29.Bf8 Bc8
30.Qf7  1-0

[Event "Nova Gorica op"]
[Site "Nova Gorica"]
[Date "1999.02.03"]
[Round "7"]
[White "Jovanic, Ognjen"]
[Black "Zupe, Miran"]
[Result "0-1"]
[WhiteElo "2269"]
[BlackElo "2383"]

1.d4 Nf6 2.c4 e6 3.g3 d5 4.Nf3 Be7 5.Bg2 O-O 6.O-O dxc4 7.Qc2 a6 8.Qxc4 b5
9.Qc2 Bb7 10.Bf4 Nc6 11.Rd1 Nb4 12.Qc1 Nbd5 13.Nc3 Qc8 14.Bg5 Nxc3 15.bxc3 c5
16.Qb2 h6 17.Bd2 Ne4 18.Bf4 cxd4 19.cxd4 Qc3 20.Qb1 Qc4 21.Qd3 Qxd3 22.Rxd3 Nf6
23.Ne5 Bxg2 24.Kxg2 Rfc8 25.Rc1 Rxc1 26.Bxc1 Rc8 27.Be3 Nd5 28.Kf3 Bd6 29.Bd2 f6
30.Ng4 Rc2 31.e4 h5 32.exd5 hxg4+ 33.Kxg4 exd5 34.a3 Ra2 35.Bb4 Bxb4 36.axb4 Rxf2
37.Ra3 Rxh2 38.Rxa6 Rd2 39.Rd6 Rxd4+ 40.Kf5 Kf7 41.g4 Rxb4 42.Rxd5 Rb1 43.g5 Rf1+
44.Ke4 f5+  0-1

[Event "Goodricke 10th op"]
[Site "Calcutta"]
[Date "1999.02.06"]
[Round "1"]
[White "Wojtkiewicz, Aleksander"]
[Black "Murugan, Krishnamoorthy"]
[Result "1-0"]
[WhiteElo "2570"]
[BlackElo "2385"]

1.Nf3 Nf6 2.c4 e6 3.g3 d5 4.d4 Be7 5.Bg2 O-O 6.O-O dxc4 7.Qc2 a6 8.a4 Bd7
9.Qxc4 Bc6 10.Bg5 a5 11.Nc3 Na6 12.Rfe1 Nb4 13.Rac1 Nd7 14.Bxe7 Qxe7 15.Ne5 Bxg2
16.Nxd7 Qxd7 17.Kxg2 Rfd8 18.Red1 Qc6+ 19.Qxc6 Nxc6 20.Nb5 Rd7 21.Rc4 Rad8
22.Rdc1 Nxd4 23.Nxd4 Rxd4 24.Rxc7 Rb4 25.Rd7 Rf8 26.Rcc7 b6 27.Rd6 Re8 28.Rcc6 b5
29.axb5 Rxb5 30.Kf3 g6 31.Rb6 Rb4 32.Ke3 Rxb6 33.Rxb6 Kf8 34.Kd4 Rc8 35.b3 Rc2
36.Kd3 Rb2 37.Rb5 Ke7 38.f4 h5 39.h3 Kd6 40.e4 Rg2 41.Rg5 Kc6 42.Kc4 Re2
43.Rxa5 Re3 44.Kd4 Rxb3 45.Rg5 Rb4+ 46.Ke5 Rb5+ 47.Kf6 Rxg5 48.Kxg5 Kc5 49.Kf6 Kd4
50.e5 Ke4 51.Kxf7 Kf3 52.Kxe6 Kxg3 53.Kf6 Kxf4 54.e6 Kg3 55.Kxg6 Kxh3 56.e7 h4
57.e8=Q Kh2 58.Qe1 h3 59.Kg5 Kg2 60.Qe2+ Kg1 61.Qg4+ Kh2 62.Kh4  1-0

[Event "Koltanowski Team Match"]
[Site "San Francisco"]
[Date "1999.02.06"]
[Round "5"]
[White "Cusi, Ronald"]
[Black "Ziatdinov, Raset"]
[Result "0-1"]
[WhiteElo "2375"]
[BlackElo "2511"]

1.d4 d5 2.c4 e6 3.Nf3 Nf6 4.g3 Be7 5.Bg2 O-O 6.O-O c6 7.Nc3 b6 8.b3 Ba6 9.Qd3 Nbd7
10.Bb2 Rc8 11.Rfd1 Qc7 12.Rac1 Rfd8 13.e4 Qb7 14.e5 Ne8 15.Bf1 c5 16.Nb5 dxc4
17.bxc4 cxd4 18.Bxd4 Qa8 19.Qe3 Bb7 20.Nd2 Nc5 21.Nc3 Rc7 22.Nb3 Nxb3 23.axb3 Rcd7
24.Rd3 Nc7 25.Rcd1 Na6 26.Nb5 Nc5 27.Bxc5 Bxc5 28.Qf4 Rxd3 29.Rxd3 Rxd3 30.Bxd3 Bh1
31.Bf1 a5 32.Nd6 Qf3 33.Qxf7+ Qxf7 34.Nxf7 Be4 35.Ng5 Bc2 36.Nxe6 Bxb3 37.Nf4 a4
38.Nd3 a3 39.Nc1 Bc2 40.e6 Kf8 41.Kg2 Ke7 42.Kf3 Bb1 43.Kf4 a2 44.Nb3 Bd4
45.Bh3 Bf6 46.Bf5 g5+  0-1

[Event "RUS-Cup03 (Geller mem)"]
[Site "Moscow"]
[Date "1999.02.09"]
[Round "8"]
[White "Kachar, Vladimir"]
[Black "Kalugin, Sergei"]
[Result "0-1"]
[WhiteElo "2390"]
[BlackElo "2355"]

1.d4 Nf6 2.c4 e6 3.g3 d5 4.Nf3 Be7 5.Bg2 O-O 6.O-O Nbd7 7.Qc2 c6 8.Bf4 dxc4
9.Qxc4 Nb6 10.Qc2 Nbd5 11.Bd2 Nb4 12.Qa4 a5 13.a3 b5 14.Qd1 Nbd5 15.Qc2 Bb7
16.Ne5 Rc8 17.e4 Nb6 18.Be3 Nfd7 19.Nxd7 Qxd7 20.Nd2 Rfd8 21.Rfd1 Qc7 22.Rac1 Ba6
23.Bf1 a4 24.Nf3 h6 25.e5 Nd5 26.Qe4 Nxe3 27.fxe3 c5 28.Bd3 g6 29.Qf4 Bf8
30.Rf1 Qe7 31.h4 c4 32.Bb1 Bb7 33.h5 g5 34.Qg4 Bg7 35.Nh2 f6 36.exf6 Bxf6
37.Qe2 Qc7 38.Qg4 Bg7 39.Qxe6+ Kh8 40.Qh3 Rxd4 41.Rf2 Qc6 42.Nf1 Rdd8 43.Bf5 Rb8
44.Rcc2 Rf8 45.Nd2 Qc5 46.Nf1 c3 47.bxc3 Qxa3 48.Bd3 Qd6 49.Rxf8+ Rxf8 50.Bxb5 g4
51.Qh2 Qd5 52.Be2 Qe4 53.Rd2 Bxc3 54.Rd6 Be1  0-1

[Event "Aktiv Alliancen op"]
[Site "Taastrup"]
[Date "1999.02.09"]
[Round "4"]
[White "Thuesen, Mogens"]
[Black "Danielsen, Heini"]
[Result "1-0"]
[WhiteElo "2240"]
[BlackElo "2165"]

1.d4 Nf6 2.c4 e6 3.g3 d5 4.Bg2 Be7 5.Nf3 O-O 6.O-O c6 7.Qc2 b6 8.Nbd2 a5
9.e4 Ba6 10.e5 Nfd7 11.Rd1 Ra7 12.b3 Qc7 13.Bb2 Rd8 14.Rac1 Qb7 15.h4 Nf8
16.Nf1 a4 17.Ne3 Qa8 18.Ng5 Bb7 19.Qe2 h6 20.Nh3 axb3 21.axb3 Ba3 22.Bxa3 Rxa3
23.cxd5 cxd5 24.g4 Qa6 25.Qf3 g6 26.h5 Rc8 27.Bf1 Qa5 28.Rxc8 Bxc8 29.g5 Nh7
30.Ng4 Nxg5 31.Nxg5 hxg5 32.Nh6+ Kh7 33.Qxf7+ Kxh6 34.Qxg6+  1-0

[Event "Goodricke 10th op"]
[Site "Calcutta"]
[Date "1999.02.10"]
[Round "5"]
[White "Gleizerov, Evgeny"]
[Black "Barua, Dibyendu"]
[Result "1-0"]
[WhiteElo "2515"]
[BlackElo "2535"]

1.d4 d5 2.c4 e6 3.Nf3 Nf6 4.g3 Be7 5.Bg2 O-O 6.O-O c6 7.Nc3 Nbd7 8.b3 b6
9.Bb2 Ba6 10.Qd3 Rc8 11.Rfd1 c5 12.Nb5 Bxb5 13.cxb5 Ne4 14.Ne5 Nxe5 15.dxe5 f5
16.exf6 Bxf6 17.Bxe4 Bxb2 18.Bxh7+ Kh8 19.Rab1 Qf6 20.Rf1 g5 21.Qg6 Rc7 22.Qxf6+ Bxf6
23.Bd3 c4 24.bxc4 dxc4 25.Bc2 Rd7 26.Rfd1 Rfd8 27.Rxd7 Rxd7 28.Rd1 Rxd1+
29.Bxd1 Bc3 30.e3 Bd2 31.Kf1 e5 32.Ke2 c3 33.Kf3 Kg7 34.Kg4 Kf6 35.Bc2 Be1
36.f4 gxf4 37.exf4 Bd2 38.f5 Be1 39.Kh5 Bf2 40.g4  1-0

[Event "Cappelle op"]
[Site "Cappelle la Grande"]
[Date "1999.02.14"]
[Round "2"]
[White "Raetsky, Alexander"]
[Black "Shneider, Aleksandr"]
[Result "1/2-1/2"]
[WhiteElo "2453"]
[BlackElo "2545"]

1.d4 Nf6 2.c4 e6 3.g3 d5 4.Nf3 Be7 5.Bg2 O-O 6.O-O dxc4 7.Ne5 Nc6 8.Nxc6 bxc6
9.Na3 Bxa3 10.bxa3 Ba6 11.Bxc6 Rb8 12.Qa4 Rb6 13.Bf3 Nd5 14.Qa5 c3 15.Re1 f5
16.Bxd5 Qxd5 17.Qxc3 Rc6 18.Qb2 Rb6 19.Qc3  1/2-1/2

[Event "US Amateur Team East"]
[Site "Parsippany"]
[Date "1999.02.14"]
[Round "3"]
[White "Fink, Stanley"]
[Black "Martirosov, Vadim"]
[Result "1/2-1/2"]
[WhiteElo "2185"]
[BlackElo "2279"]

1.d4 d5 2.Nf3 Nf6 3.c4 e6 4.g3 Be7 5.Bg2 O-O 6.O-O c6 7.Qc2 Nbd7 8.Nbd2 b6
9.e4 dxe4 10.Nxe4 Bb7 11.Rd1 Qc8 12.Bh3 Nxe4 13.Qxe4 Nf6 14.Qe2 Ba6 15.Ne5 Qb7
16.Bg2 Rac8 17.Qf3 Bd6 18.b3 Bxe5 19.dxe5 Nd7 20.Bb2 Qc7 21.Qxc6 Qxc6 22.Bxc6 Nc5
23.Bf3 Rfd8 24.Ba3 Bb7 25.Bxb7 Nxb7 26.Be7 Re8 27.Rd7 Na5 28.Rad1 Nc6 29.Bd6 Red8
30.Bc7 Rxd7 31.Rxd7 g5 32.f3 Nb4 33.a4 Nc6 34.Bd6 Nd4 35.Rxa7 Nxb3 36.Rb7 Rxc4
37.Rxb6 Nd4 38.Kf2 Rxa4 39.Rb8+ Kg7 40.Be7 Ra2+ 41.Kf1 Nxf3 42.h3 Nxe5 43.Bxg5 Nf3
44.Be7 e5 45.Rb6 f5 46.Bd6 e4 47.Bf4 Kf7 48.g4 fxg4 49.hxg4 Nh2+ 50.Bxh2 Rxh2
51.Rb4 e3 52.Re4 Rf2+ 53.Ke1 Rg2 54.Rxe3 Rxg4 55.Kf2 h5 56.Rg3 Ra4 57.Rg5 h4
58.Kg2 Kf6 59.Rg8 Ra5 60.Kh3  1/2-1/2

[Event "Zuglo Hotel op"]
[Site "Budapest"]
[Date "1999.02.19"]
[Round "1"]
[White "Turzo, Attila"]
[Black "Dlauchy, Peter"]
[Result "1-0"]
[WhiteElo "2314"]
[BlackElo "2055"]

1.d4 d5 2.c4 e6 3.Nf3 Nf6 4.g3 Be7 5.Bg2 O-O 6.O-O dxc4 7.Qa4 Bd7 8.Qxc4 Bc6
9.Nc3 Nbd7 10.Bg5 Rc8 11.Rfd1 Ne4 12.Bf4 Nxc3 13.bxc3 Be4 14.Qb3 c5 15.dxc5 Bd5
16.c4 Nxc5 17.Qe3  1-0

[Event "Chess Masters 3rd"]
[Site "Enghien-les-Bains"]
[Date "1999.03.06"]
[Round "4"]
[White "Salov, Valery"]
[Black "Bauer, Christian"]
[Result "1/2-1/2"]
[WhiteElo "2670"]
[BlackElo "2528"]

1.d4 e6 2.c4 Nf6 3.g3 d5 4.Bg2 Be7 5.Nf3 O-O 6.O-O c6 7.Qc2 Nbd7 8.b3 b6
9.Rd1 Bb7 10.Nc3 c5 11.cxd5 exd5 12.Bb2 Rc8 13.dxc5 Bxc5 14.e3 Re8 15.Qf5 Qe7
16.Rac1 Nf8 17.Nd4 g6 18.Qg5 Bxd4 19.exd4 Kg7 20.Bf1 h6 21.Qd2 N8h7 22.Re1 Qd7
23.f4 h5 24.Re5 Ng4 25.Rxe8 Rxe8 26.Re1 Nhf6 27.h3 Nh6 28.Re5 Nf5 29.Kf2 Nd6
30.Bg2 Rc8 31.Kg1 Kg8 32.Kh2 Nde4 33.Bxe4 Nxe4 34.Nxe4 dxe4 35.d5 f6 36.Rxe4 Qxd5
37.Qxd5+ Bxd5 38.Re2 Kf7 39.Rd2  1/2-1/2

[Event "NRW-Liga I 9899"]
[Site "GER"]
[Date "1999.03.16"]
[Round "7"]
[White "Keller, Thomas"]
[Black "Lange, Ulrich"]
[Result "0-1"]
[WhiteElo "2250"]
[BlackElo "2101"]

1.d4 d5 2.c4 e6 3.Nf3 Nf6 4.g3 Be7 5.Bg2 O-O 6.Nbd2 Nbd7 7.O-O c6 8.Qc2 b6
9.e4 dxc4 10.Nxc4 Bb7 11.h4 h6 12.Bf4 c5 13.Rfe1 cxd4 14.Nxd4 Rc8 15.e5 Bxg2
16.Kxg2 Nxe5 17.Bxe5 Qd5+ 18.Nf3 Rxc4 19.Qb3 Rfc8 20.Rad1 Qb7 21.Kg1 Nd5
22.Re2 b5 23.Bd4 Nc3 24.Bxc3 Qxf3 25.Re3 Qg4 26.Rd7 Bc5 27.Red3 b4 28.Bd2 Qe2
29.Rf3 Rc3 30.Bxc3 Qxf3 31.Bd4 Qc6  0-1

[Event "Bundesliga 9899"]
[Site "Germany"]
[Date "1999.03.20"]
[Round "12.3"]
[White "Pelletier, Yannick"]
[Black "King, Daniel J"]
[Result "1/2-1/2"]
[WhiteElo "2483"]
[BlackElo "2506"]

1.c4 e6 2.g3 d5 3.Bg2 Nf6 4.Nf3 Be7 5.d4 O-O 6.O-O dxc4 7.Qc2 a6 8.a4 Nc6
9.Qxc4 Nb4 10.Bg5 a5 11.Rc1 c6 12.Ne5 Nd7 13.Bxe7 Qxe7 14.Nc3 f6 15.Nxd7 Bxd7
16.Rd1 Rfd8 17.e4 Be8 18.Rd2 Bf7 19.Rad1 h6 20.Qe2 Rd7 21.Bh3 Rdd8 22.Bg2 Rac8
23.Bf3  1/2-1/2

[Event "Bled op"]
[Site "Bled"]
[Date "1999.03.21"]
[Round "2"]
[White "Sebenik, Matej"]
[Black "Brumen, Dinko"]
[Result "0-1"]
[WhiteElo "2154"]
[BlackElo "2309"]

1.d4 d5 2.Nf3 Nf6 3.c4 e6 4.g3 Be7 5.Bg2 O-O 6.O-O dxc4 7.Qc2 Bd7 8.Qxc4 Bc6
9.Bg5 Nbd7 10.Nc3 a5 11.Qd3 Ra6 12.Rfd1 Rb6 13.Qc2 h6 14.Bxf6 Nxf6 15.e4 Qb8
16.Ne5 Be8 17.Nc4 Ra6 18.e5 Nd7 19.a4 c5 20.dxc5 Nxc5 21.Nb5 Bc6 22.Ncd6 Nd7
23.Qe2 Rd8 24.f4 Rb6 25.Bh3 Bxd6 26.Nxd6 Rb3 27.Rd2 Nc5 28.Bg2 Qa7 29.Qf2 Bxg2
30.Kxg2 Qb6 31.Qd4 Rb4 32.Qf2 Nb3 33.Qxb6 Rxb6 34.Rad1 Nxd2 35.Rxd2 Rb4 36.Rc2 b6
37.Rc7 Rxb2+ 38.Kh3 Rb4 39.Nxf7 Rb8 40.Nd6 Rxa4 41.f5 exf5 42.e6 Re4 43.e7 Re6
44.Nxf5 Re8 45.Rd7 g6 46.Rd8 gxf5 47.Rxe8+ Kf7 48.Rf8+ Kxe7 49.Rxf5 Kd7 50.Kg4 a4
51.Kf4 Kc6  0-1

[Event "Spring Festival 15th"]
[Site "Budapest"]
[Date "1999.03.23"]
[Round "7"]
[White "Brauer, Christian"]
[Black "Letay, Gyula"]
[Result "1-0"]
[WhiteElo "2120"]
[BlackElo "2220"]

1.Nf3 Nf6 2.c4 e6 3.g3 Be7 4.Bg2 d5 5.d4 O-O 6.O-O dxc4 7.Ne5 c5 8.dxc5 Bxc5
9.Qc2 Qe7 10.Nc3 Nbd7 11.Nxc4 Rb8 12.Na5 Bb4 13.Nb3 b6 14.Bd2 Bb7 15.a3 Bxg2
16.Kxg2 Bxc3 17.Bxc3 Nd5 18.Bd2 Rfc8 19.Qd3 Ne5 20.Qe4 Nc4 21.Bc1 Nf6 22.Qd3 Rb7
23.Nd2 Rd7 24.Qc3 Nd5 25.Qb3 Na5 26.Qa4 f5 27.b4 Nb7 28.Nf3 Nd6 29.Bg5 Nf6
30.Rfd1 Rdc7 31.Bf4 Nfe4 32.Rd3 Rc3 33.Rad1 b5 34.Qa5 R3c6 35.a4 bxa4 36.Qxa4 Nc4
37.Rd7 Qf8 38.Ne5 Nb6 39.Qxa7 Nxd7 40.Nxc6 Rxc6 41.Rxd7 Nf6 42.Rb7 h6 43.Be5 Kh7
44.Rb8  1-0

[Event "Novgorod op"]
[Site "Novgorod"]
[Date "1999.03.24"]
[Round "6"]
[White "Sorokin, Maxim"]
[Black "Volzhin, Alexander"]
[Result "1/2-1/2"]
[WhiteElo "2551"]
[BlackElo "2548"]

1.d4 Nf6 2.c4 e6 3.g3 d5 4.Bg2 Be7 5.Nf3 O-O 6.Qc2 c5 7.dxc5 Qa5+ 8.Bd2 Qxc5
9.Na3 Nc6 10.cxd5 Qxc2 11.Nxc2  1/2-1/2